[Event "FIN-chT1 Gp2"]
[Site "Finland"]
[Date "2022.09.25"]
[Round "2.4"]
[White "Seppala, Joni"]
[Black "Paronen, Petteri"]
[Result "0-1"]
[WhiteElo "1997"]
[BlackElo "2000"]
[PlyCount "78"]
[EventDate "2022.09.24"]
[EventType "team-tourn"]
[EventRounds "7"]
[EventCountry "FIN"]
[SourceTitle "EXT 2025"]
[Source "ChessBase"]
[SourceDate "2024.10.14"]
[SourceVersion "1"]
[SourceVersionDate "2024.10.14"]
[SourceQuality "1"]
[WhiteTeam "Helsinki Passi"]
[BlackTeam "Helsinki KSK"]
[WhiteTeamCountry "FIN"]
[BlackTeamCountry "FIN"]

1. d4 Nf6 2. c4 Nc6 3. Nf3 d6 4. d5 Ne5 5. Nxe5 dxe5 6. Nc3 e6 7. Qa4+ Bd7 8. Qb3 b6 9. g3 exd5 10. cxd5 Bd6 11. Bg2 0-0 12. Bg5 h6 13. Bxf6 Qxf6 14. 0-0 Qe7 15. Ne4 f5 16. Nxd6 cxd6 17. a4 Rfc8 18. a5 b5 19. Rfc1 Kf8 20. Qe3 Rxc1+ 21. Rxc1 Rc8 22. Rc3 Rc5 23. Rxc5 dxc5 24. b4 cxb4 25. Qxa7 b3 26. Qb8+ Kf7 27. d6 Qe6 28. a6 b2 29. a7 b1Q+ 30. Bf1 Qa1 31. a8Q Qxa8 32. Qxa8 Qxd6 33. Qb7 Kf6 34. e3 Bc6 35. Qc8 Qd5 36. Qf8+ Kg6 37. e4 Qxe4 38. Qd6+ Kh7 39. f3 Qe3+ 0-1

[Event "FIN-chT 1920"]
[Site "Finland"]
[Date "2020.02.09"]
[Round "8.6"]
[White "Paronen, Petteri"]
[Black "Kytoniemi, Jyrki"]
[Result "1/2-1/2"]
[WhiteElo "2017"]
[BlackElo "2196"]
[PlyCount "65"]
[EventDate "2019.09.14"]
[EventType "team-tourn"]
[EventRounds "11"]
[EventCountry "FIN"]
[SourceTitle "CBM 195 Extra"]
[Source "ChessBase"]
[SourceDate "2020.05.31"]
[SourceVersion "1"]
[SourceVersionDate "2020.05.31"]
[SourceQuality "1"]
[WhiteTeam "Kotka KymS"]
[BlackTeam "Tampere Tammer"]
[WhiteTeamCountry "FIN"]
[BlackTeamCountry "FIN"]

1. e4 e6 2. d4 d5 3. Nc3 Nf6 4. Bg5 Bb4 5. e5 h6 6. Bd2 Bxc3 7. Bxc3 Ne4 8. Bb4 c5 9. Bxc5 Nxc5 10. dxc5 Qa5+ 11. c3 Qxc5 12. Bd3 Nc6 13. Nf3 Bd7 14. 0-0 a6 15. Rc1 b5 16. Qe2 Qb6 17. h3 Rb8 18. a3 Ke7 19. Rfe1 Rhd8 20. Nh2 Be8 21. Qg4 Kf8 22. Re3 d4 23. Rg3 g6 24. Qf4 Ke7 25. Qf6+ Kd7 26. cxd4 Qxd4 27. Be2 Qxb2 28. Rgc3 Kc7 29. Qe7+ Kb6 30. Qc5+ Ka5 31. Bf3 Rbc8 32. R1c2 Qb1+ 33. Rc1 1/2-1/2

[Event "FIN-ch op"]
[Site "Naantali"]
[Date "2019.07.01"]
[Round "3"]
[White "Paronen, Petteri"]
[Black "Sipila, Vilka"]
[Result "0-1"]
[WhiteElo "2100"]
[BlackElo "2410"]
[PlyCount "98"]
[EventDate "2019.06.29"]
[EventType "swiss"]
[EventRounds "9"]
[EventCountry "FIN"]
[SourceTitle "CBM 192 Extra"]
[Source "Chessbase"]
[SourceDate "2019.11.06"]
[SourceVersion "1"]
[SourceVersionDate "2019.11.06"]
[SourceQuality "1"]

1. e4 c5 2. Nf3 d6 3. c3 Nf6 4. Bd3 Nc6 5. Bc2 Bg4 6. d3 g6 7. Nbd2 Bg7 8. h3 Bd7 9. Nf1 0-0 10. Ng3 b5 11. d4 b4 12. Be3 bxc3 13. bxc3 Qa5 14. Qd2 Rfc8 15. Bb3 cxd4 16. cxd4 Qa6 17. Qe2 Qxe2+ 18. Kxe2 Na5 19. Rhc1 Bb5+ 20. Kd2 Nc4+ 21. Bxc4 Rxc4 22. Rab1 Rxc1 23. Rxc1 e6 24. Rb1 a6 25. Bf4 Bf8 26. Bg5 Kg7 27. Ne1 h6 28. Bxf6+ Kxf6 29. Ne2 h5 30. f4 Bh6 31. Nd3 e5 32. Rf1 Re8 33. a4 Bxa4 34. Nc3 Bc6 35. d5 Bd7 36. Kc2 exf4 37. Nxf4 Kg7 38. Nfe2 f5 39. Ra1 Bc8 40. Kd3 Kf7 41. Nd4 Bg7 42. Rf1 a5 43. Ndb5 Ba6 44. Rb1 Bxc3 45. Kxc3 Bxb5 46. Rxb5 fxe4 47. Kd2 Ra8 48. Rb3 a4 49. Ra3 Kf6 0-1

[Event "EU-ch Seniors 50 19th"]
[Site "Rhodes"]
[Date "2019.04.08"]
[Round "3"]
[White "Gemmell, Peter"]
[Black "Paronen, Petteri"]
[Result "1/2-1/2"]
[WhiteElo "2305"]
[BlackElo "2087"]
[PlyCount "69"]
[EventDate "2019.04.06"]
[EventType "swiss"]
[EventRounds "9"]
[EventCountry "GRE"]
[SourceTitle "CBM 189 Extra"]
[Source "ChessBase"]
[SourceDate "2019.05.31"]
[SourceVersion "1"]
[SourceVersionDate "2019.05.31"]
[SourceQuality "1"]

1. d4 Nf6 2. g3 g6 3. Bg2 Bg7 4. Nf3 0-0 5. c4 d6 6. 0-0 Nbd7 7. Nc3 e5 8. e4 a5 9. h3 Re8 10. dxe5 dxe5 11. Be3 c6 12. Nd2 Bf8 13. Qe2 a4 14. Rab1 Bb4 15. Rfc1 Kg7 16. f3 Nh5 17. Kh2 Qe7 18. a3 Bc5 19. Nd1 Bxe3 20. Nxe3 Nc5 21. Rf1 Qg5 22. Ng4 Nxg3 23. Kxg3 h5 24. Qe3 Qf4+ 25. Qxf4 exf4+ 26. Kxf4 hxg4 27. hxg4 Rd8 28. Rfd1 Be6 29. Bf1 Rd7 30. Be2 Nd3+ 31. Ke3 Ne5 32. c5 g5 33. Rbc1 Ra5 34. Rc3 Ra8 35. Rcc1 1/2-1/2

[Event "FIN-chT 1819"]
[Site "Finland"]
[Date "2018.11.11"]
[Round "4.6"]
[White "Kosmo, Santul"]
[Black "Paronen, Petteri"]
[Result "1-0"]
[WhiteElo "2197"]
[BlackElo "2083"]
[PlyCount "45"]
[EventDate "2018.09.15"]
[EventType "team-tourn"]
[EventRounds "11"]
[EventCountry "FIN"]
[SourceTitle "CBM 187 Extra"]
[Source "ChessBase"]
[SourceDate "2018.11.04"]
[SourceVersion "1"]
[SourceVersionDate "2018.11.04"]
[SourceQuality "1"]
[WhiteTeam "Helsinki Comeon"]
[BlackTeam "Kotka KymS"]
[WhiteTeamCountry "FIN"]
[BlackTeamCountry "FIN"]

1. e4 c5 2. Nf3 d6 3. d4 cxd4 4. Nxd4 Nf6 5. Nc3 a6 6. Bg5 Nbd7 7. Bc4 Qc7 8. Bb3 e6 9. Qe2 b5 10. 0-0-0 h6 11. Bh4 Nc5 12. f4 Nxb3+ 13. axb3 Bb7 14. e5 dxe5 15. fxe5 Nd5 16. Nxd5 Bxd5 17. Nf5 g5 18. Rxd5 exf5 19. e6 gxh4 20. exf7+ Kxf7 21. Rxf5+ Kg7 22. Rhf1 Be7 23. Rf7+ 1-0

[Event "Naantali Avoin op"]
[Site "Naantali"]
[Date "2018.07.03"]
[Round "3"]
[White "Laajo, Juha"]
[Black "Paronen, Petteri"]
[Result "1/2-1/2"]
[WhiteElo "1903"]
[BlackElo "2156"]
[PlyCount "144"]
[EventDate "2018.07.02"]
[EventType "swiss"]
[EventRounds "9"]
[EventCountry "FIN"]
[SourceTitle "EXT 2019"]
[Source "ChessBase"]
[SourceDate "2018.10.10"]
[SourceVersion "1"]
[SourceVersionDate "2018.10.10"]
[SourceQuality "1"]

1. b4 e5 2. Bb2 d6 3. d4 e4 4. e3 f5 5. d5 Nf6 6. c4 Be7 7. Nh3 0-0 8. Nd2 a5 9. b5 Ng4 10. Nf4 g5 11. Ne2 Nd7 12. Nd4 Nde5 13. h3 Nf6 14. Qc2 Bd7 15. f4 gxf4 16. exf4 Ng6 17. g3 Nh5 18. Ne2 Bf6 19. 0-0-0 c6 20. g4 Nhxf4 21. Nxf4 Nxf4 22. gxf5 Bxf5 23. Rg1+ Kh8 24. Nxe4 Bxe4 25. Qxe4 Bxb2+ 26. Kxb2 Qf6+ 27. Qd4 Qxd4+ 28. Rxd4 c5 29. Re4 Rae8 30. Rxe8 Rxe8 31. Rg3 b6 32. Bd3 Nxd3+ 33. Rxd3 Re2+ 34. Kb3 h5 35. Rf3 Kg7 36. Rg3+ Kf7 37. Rf3+ Kg7 38. Rg3+ Kf7 39. Rf3+ Ke7 40. Rg3 Kf6 41. h4 Re4 42. Rg8 Rxh4 43. Re8 a4+ 44. Kc3 Rh3+ 45. Kb2 Rh2+ 46. Kc3 Rh3+ 47. Kb2 h4 48. Re6+ Kf5 49. Rxd6 Ke4 50. Rxb6 Kd3 51. Rf6 Kxc4 52. b6 a3+ 53. Kc2 Rh2+ 54. Kc1 Kxd5 55. Rf3 Rxa2 56. Rh3 Rb2 57. Rxh4 c4 58. Rh3 Rxb6 59. Rxa3 Rh6 60. Rg3 Kd4 61. Rg2 Kc3 62. Rc2+ Kb4 63. Rb2+ Kc5 64. Rg2 Rh1+ 65. Kc2 Kb4 66. Rf2 Ra1 67. Kb2 Ra3 68. Rf8 Rd3 69. Rb8+ Kc5 70. Rc8+ Kd4 71. Rd8+ Ke3 72. Rc8 Kd4 1/2-1/2

[Event "Heinola 100 ottelu Vierumaki"]
[Site "Heinola"]
[Date "2017.11.18"]
[Round "2"]
[White "Paronen, Petteri"]
[Black "Urgas, Jaan"]
[Result "1-0"]
[WhiteElo "2156"]
[BlackElo "1715"]
[PlyCount "51"]
[EventDate "2017.11.17"]
[EventType "swiss"]
[EventRounds "3"]
[EventCountry "FIN"]
[SourceTitle "EXT 2022"]
[Source "ChessBase"]
[SourceDate "2021.10.06"]
[SourceVersion "1"]
[SourceVersionDate "2021.10.06"]
[SourceQuality "1"]

1. e4 g6 2. d4 Bg7 3. Nc3 d6 4. Be3 Nc6 5. Qd2 a6 6. f4 e6 7. Nf3 Nge7 8. 0-0-0 0-0 9. g4 b5 10. f5 d5 11. Bh6 b4 12. Bxg7 Kxg7 13. f6+ Kxf6 14. e5+ Kg7 15. Ne2 Ng8 16. g5 Qe7 17. h4 Na5 18. b3 c5 19. h5 Bb7 20. Nf4 Rac8 21. Qh2 Rfd8 22. hxg6 hxg6 23. Qh8+ Kf8 24. Rh7 Qe8 25. Nxg6+ fxg6 26. Qg7# 1-0

[Event "Heart of Finland op 27th"]
[Site "Jyvaskyla"]
[Date "2017.07.22"]
[Round "8"]
[White "Vilppolainen, Markku"]
[Black "Paronen, Petteri"]
[Result "1/2-1/2"]
[WhiteElo "1990"]
[BlackElo "2190"]
[PlyCount "28"]
[EventDate "2017.07.17"]
[EventType "swiss"]
[EventRounds "9"]
[EventCountry "FIN"]
[SourceTitle "CBM 179 Extra"]
[Source "ChessBase"]
[SourceDate "2017.08.23"]
[SourceVersion "1"]
[SourceVersionDate "2017.08.23"]
[SourceQuality "1"]

1. g3 e5 2. c4 Nc6 3. Nc3 f5 4. Nf3 Nf6 5. d4 e4 6. Nh4 d5 7. Bg5 Bb4 8. cxd5 Qxd5 9. Bxf6 gxf6 10. e3 f4 11. Ng2 f3 12. Nf4 Qf7 13. Qc2 f5 14. a3 Bd6 1/2-1/2

[Event "Heart of Finland op 27th"]
[Site "Jyvaskyla"]
[Date "2017.07.21"]
[Round "7"]
[White "Luukkonen, Tommi"]
[Black "Paronen, Petteri"]
[Result "1-0"]
[WhiteElo "2336"]
[BlackElo "2190"]
[PlyCount "82"]
[EventDate "2017.07.17"]
[EventType "swiss"]
[EventRounds "9"]
[EventCountry "FIN"]
[SourceTitle "CBM 179 Extra"]
[Source "ChessBase"]
[SourceDate "2017.08.23"]
[SourceVersion "1"]
[SourceVersionDate "2017.08.23"]
[SourceQuality "1"]

1. e4 d6 2. d4 Nf6 3. f3 Nc6 4. Bg5 e6 5. Nc3 Be7 6. Qd2 a6 7. 0-0-0 b5 8. h4 d5 9. e5 Nd7 10. Bxe7 Nxe7 11. h5 c5 12. dxc5 b4 13. Nce2 Qa5 14. Kb1 Qxc5 15. Nd4 h6 16. Qf4 Qc7 17. Qg3 Qxe5 18. f4 Qf6 19. Nh3 Nc5 20. Qe3 Bd7 21. Nf2 g5 22. g3 Qg7 23. Bh3 Rc8 24. Rde1 0-0 25. Nf3 Na4 26. Nd3 g4 27. Bxg4 Qxg4 28. Nfe5 Qg7 29. Nxd7 Rfd8 30. N7e5 Rc4 31. Nxc4 dxc4 32. Ne5 Nd5 33. Qa7 b3 34. axb3 cxb3 35. cxb3 Qh7+ 36. Ka1 Nab6 37. Rh4 Rf8 38. Rg4+ Kh8 39. f5 Qxf5 40. Ng6+ fxg6 41. hxg6 Qxg4 1-0

[Event "Gibraltar Challenger op-A"]
[Site "Caleta"]
[Date "2017.01.26"]
[Round "4"]
[White "Renteria Becerra, Jorge Elicer"]
[Black "Paronen, Petteri"]
[Result "1/2-1/2"]
[WhiteElo "2242"]
[BlackElo "2164"]
[PlyCount "42"]
[EventDate "2017.01.23"]
[EventType "swiss"]
[EventRounds "5"]
[EventCountry "GGB"]
[SourceTitle "CBM 176 Extra"]
[Source "ChessBase"]
[SourceDate "2017.03.02"]
[SourceVersion "1"]
[SourceVersionDate "2017.03.02"]
[SourceQuality "1"]

1. e4 d6 2. d4 Nf6 3. Nc3 c6 4. a4 Qa5 5. Bd3 e5 6. dxe5 dxe5 7. h3 Be7 8. Nf3 0-0 9. 0-0 Nbd7 10. Qe2 Qc7 11. Re1 Nc5 12. Bd2 b6 13. Bc4 Ne6 14. Bxe6 Bxe6 15. Nh4 Rfe8 16. Nf5 Bf8 17. Qf3 Nd7 18. Qg3 f6 19. Be3 a6 20. Red1 b5 21. Qf3 Nb6 1/2-1/2

[Event "Gibraltar Challenger op-A"]
[Site "Caleta"]
[Date "2017.01.25"]
[Round "3"]
[White "Meszaros, Andras"]
[Black "Paronen, Petteri"]
[Result "0-1"]
[WhiteElo "2240"]
[BlackElo "2164"]
[PlyCount "82"]
[EventDate "2017.01.23"]
[EventType "swiss"]
[EventRounds "5"]
[EventCountry "GGB"]
[SourceTitle "CBM 176 Extra"]
[Source "ChessBase"]
[SourceDate "2017.03.02"]
[SourceVersion "1"]
[SourceVersionDate "2017.03.02"]
[SourceQuality "1"]

1. d4 Nf6 2. c4 Nc6 3. Nc3 e5 4. d5 Ne7 5. Nf3 Ng6 6. h4 h5 7. a3 d6 8. g3 Be7 9. Ng5 Bf5 10. e4 Bg4 11. f3 Bd7 12. Be3 a6 13. Qd2 Qc8 14. Rc1 Ng8 15. b4 Nh6 16. c5 Nf8 17. Bh3 f6 18. c6 bxc6 19. dxc6 Bxh3 20. Nxh3 Nf7 21. Nd5 Bd8 22. Nf2 g5 23. Nd1 gxh4 24. Rxh4 f5 25. Qh2 fxe4 26. Rxh5 Rxh5 27. Qxh5 exf3 28. Nf2 Qe6 29. Qxf3 Nh7 30. Rd1 Nf6 31. Ne4 Nxd5 32. Nc5 dxc5 33. Rxd5 cxb4 34. axb4 Rb8 35. Bc5 a5 36. b5 Rxb5 37. Rxd8+ Kxd8 38. Qd3+ Nd6 39. Bxd6 Qxd6 40. Qxb5 Qb4+ 41. Qxb4 axb4 0-1

[Event "FIN-chT1B 1617"]
[Site "Finland"]
[Date "2016.12.10"]
[Round "4.6"]
[White "Paronen, Petteri"]
[Black "Tiihonen, Ilpo"]
[Result "1-0"]
[WhiteElo "2158"]
[BlackElo "1935"]
[PlyCount "71"]
[EventDate "2016.09.17"]
[EventType "team-tourn"]
[EventRounds "7"]
[EventCountry "FIN"]
[SourceTitle "EXT 2019"]
[Source "ChessBase"]
[SourceDate "2018.10.10"]
[SourceVersion "1"]
[SourceVersionDate "2018.10.10"]
[SourceQuality "1"]
[WhiteTeam "Kotka KymS"]
[BlackTeam "Helsinki KSK"]
[WhiteTeamCountry "FIN"]
[BlackTeamCountry "FIN"]

1. e4 c5 2. Nf3 Nc6 3. Bb5 g6 4. c3 Bg7 5. d4 cxd4 6. cxd4 a6 7. Be2 Nf6 8. d5 Nb8 9. Nc3 d6 10. 0-0 0-0 11. Be3 b5 12. a3 Nbd7 13. Nd4 Bb7 14. Qd2 Rc8 15. f3 Nb6 16. b3 Nfd7 17. Rfc1 Nc5 18. Bh6 Re8 19. Bxg7 Kxg7 20. Rc2 h6 21. f4 e5 22. dxe6 fxe6 23. e5 dxe5 24. fxe5 Qh4 25. Qe3 Ncd7 26. Bf3 Bxf3 27. Nxf3 Qg4 28. Rd2 Rf8 29. Rf1 Rf5 30. Rd4 Rxc3 31. Qxc3 Rf4 32. Rfd1 Nd5 33. Rxf4 Qxf4 34. Qd4 Qf5 35. Qa7 Qf7 36. Qxa6 1-0